Uplatnenie vybraných metód štíhlosti na výrobnom úseku "assembly"

Saved in:
Bibliographic Details
Main Author: Lipničan, Matej (Author)
Other Authors: Mĺkva, Miroslava (Thesis advisor)
Format: Manuscript Book
Language:Slovak
Published: 2017
Subjects:
Online Access:http://is.stuba.sk/zp/portal_zp.pl?podrobnosti=126195
Tags: Add Tag
No Tags, Be the first to tag this record!

MARC

LEADER 00000ntm a22000003a 4500
001 stuzp60535
003 SK-STU
005 20170603210243.1
007 ta
008 150427s2015----xo-----f-mn---000-0-slo-d
040 |a STU  |b slo 
041 0 |a slo 
100 1 |a Lipničan, Matej  |u 064000  |k Z4  |4 aut  |U MTF Materiálovotechnologická fakulta  |T MTF Ústav priemyselného inžinierstva a manažmentu  |X 47035  |U M4000  |Y 84  |7 47035 
242 0 1 |a Application of selected lean methods on the production cell „assembly“.  |y eng 
245 1 0 |a Uplatnenie vybraných metód štíhlosti na výrobnom úseku "assembly" 
260 |c 2017 
650 4 |a Kaizen  |2 slo 
650 4 |a Lean  |2 slo 
650 4 |a Štíhla výroba  |2 slo 
650 4 |a Kaizen  |2 eng 
650 4 |a Lean  |2 eng 
650 4 |a Lean production  |2 eng 
700 1 |a Mĺkva, Miroslava  |u 064000  |k Z1  |4 ths  |U MTF Materiálovotechnologická fakulta  |T MTF Ústav priemyselného inžinierstva a manažmentu  |X 4176  |U M4000  |Y 84  |7 A000004176 
856 4 |u http://is.stuba.sk/zp/portal_zp.pl?podrobnosti=126195 
996 |c M* DP-13252  |l MMSKP  |s P  |a 0  |w stuzp60535_0001